000
00303nam a22001337a 4500
008
181016b xxu||||| |||| 00| 0 eng d
020
_a
9780898620894
041
_a
eng
080
_a
316
100
_a
50
101
_a
SOC
245
_a
Ethical Decision Making in Therapy
_c
Rave,E.J
942
_2
udc
_c
BK
999
_c
49889
_d
49889